00903cam a2200313 i 45000010008000000030009000080050017000170070008000340080036000420150006000780170009000840200015000930350006001080400028001140800006001420820027001482450025001752600038002003000030002384900012002685900026002806500024003066500035003307100025003659100040003909420012004309520130004429990017005720000851DO-SdBPM20250311084726.00000851100514s 2007 sp a |||| 000 f spa  a  a b  a8466200045 a  aDO-SdBPMbspacBPMSUe  a  4a808.83bG261c 200722203aEl gato con botash  aMadrid, España :bLibsa,c2007. a[16] p. : bil. ;c24 cm.0 aTopacio aInventariado, 2025/VM 4aCuentos infantiles  4aLibros ilustrados para niños1 aColección Topacio  aVMateo V. Control de calidad. BPMSU 2ddccBK 00102ddc40708CI-GaBPMETbBPMETd2016-12-02e l0oBPMSU CGI 808.83 G261c 2007pBPMSU16120055r2016-12-02w2016-12-02yBK c12224d12224